History of western philosophy and its connection with political and social circumstances from the earliest times to the present day. (رقم التسجيلة. 117604)
[ عرض عادي ]
| 000 -LEADER | |
|---|---|
| fixed length control field | 00756cam a2200229u 4500 |
| 008 - FIXED-LENGTH DATA ELEMENTS--GENERAL INFORMATION | |
| fixed length control field | 820923s1946 enk 000 0 eng |
| 010 ## - LIBRARY OF CONGRESS CONTROL NUMBER | |
| LC control number | 47016906 |
| 040 ## - CATALOGING SOURCE | |
| Original cataloging agency | DLC |
| Transcribing agency | CarP |
| Modifying agency | DLC |
| 050 00 - LIBRARY OF CONGRESS CALL NUMBER | |
| Classification number | B72 |
| Item number | .R8 1946 |
| 092 04 - LOCALLY ASSIGNED DEWEY CALL NUMBER (OCLC) | |
| Classification number | 190 |
| Item number | R968 |
| Edition number | 21 |
| 099 ## - LOCAL FREE-TEXT CALL NUMBER (OCLC) | |
| Classification number | 04 |
| -- | 190 R968 |
| 100 1# - MAIN ENTRY--PERSONAL NAME | |
| Personal name | Russell, Bertrand, |
| Dates associated with a name | 1872-1970. |
| 245 10 - TITLE STATEMENT | |
| Title | History of western philosophy and its connection with political and social circumstances from the earliest times to the present day. |
| 260 ## - PUBLICATION, DISTRIBUTION, ETC. | |
| Place of publication, distribution, etc. | London, |
| Name of publisher, distributor, etc. | G. Allen and Unwin ltd |
| Date of publication, distribution, etc. | [1946] |
| 300 ## - PHYSICAL DESCRIPTION | |
| Extent | 916 p. |
| Dimensions | 23 cm. |
| 650 #0 - SUBJECT ADDED ENTRY--TOPICAL TERM | |
| Topical term or geographic name entry element | Philosophy |
| General subdivision | History. |
| 902 ## - LOCAL DATA ELEMENT B, LDB (RLIN) | |
| No. of Items | 1 |
| 905 ## - LOCAL DATA ELEMENT E, LDE (RLIN) | |
| Cataloger | Eman |
| Reviser | Rev. |
| 905 ## - LOCAL DATA ELEMENT E, LDE (RLIN) | |
| Cataloger | Jamal |
| Reviser | Cat. |
| 942 ## - ADDED ENTRY ELEMENTS (KOHA) | |
| Source of classification or shelving scheme | Dewey Decimal Classification |
| Koha item type | Books |
| Source of classification or shelving scheme | Not for loan | Home library | Current library | Date acquired | Full call number | Barcode | Date last seen | Koha item type |
|---|---|---|---|---|---|---|---|---|
| Dewey Decimal Classification | المكتبة المركزبة الجديدة - جامعة القاهرة | مخزن الكتب - البدروم | 11.02.2024 | 1190 R968 Store | 01000110193267000 | 23.09.2023 | Books |